000 00504nam a2200169Ia 4500
003 GCL
008 140319s9999 xx 000 0 ara d
040 _aGCL /
_cGCL
082 0 4 _a953
_bع ا
100 1 _aعلى عزت بيجوفيش
245 1 0 _aالاسلام بين الشرق والغرب /
_cعلى عزت بيجوفيش
260 _a[S.N] :
_bمجلة النور الكويتية ،
_c1994
300 _a411 ص
490 _a
650 0 4 _aالتاريخ الاسلامى
942 _2ddc
_cBK
999 _c53707
_d53707